000 00547nam a2200193 a 4500
001 17759
003 CO-ViMGA
008 141112s2004 ck r 000 u spa d
020 _a8432924229
040 _aCO-ViMGA
_bspa
_cCO-ViMGA
082 0 4 _a649.1 M124g
100 1 _aMackonochie, Alison
_925182
245 1 0 _aLa evolución mes a mes del primer año de tu hijo
260 _aBarcelona (España),
_cLibsa,
_c2000
300 _a96.p.
590 _aForma de adquisición : Premio - Mincultura
650 1 4 _aPUERICULTURA
_925183
942 _2ddc
_cBK
999 _c27232
_d27232